Sports Quiz

Random Sports or World Quiz

World Cup Locations Quiz Stats

Quiz not verified by Sporcle

Challenge
Share
Tweet
Embed
Score 0/21 Timer 04:00
0 Plays Today
Year Hosting Country % Correct
2006Germany
97.4%
1938France
96.6%
1998France
96.6%
1950Brazil
96.3%
1994United State of America
95.9%
2010South Africa
94.8%
1934Italy
94%
1990Italy
94%
2002South Korea
93.6%
1966United Kingdom
93.3%
1978Argentina
92.5%
Year Hosting Country % Correct
1982Spain
91.4%
1970Mexico
89.1%
1986Mexico
89.1%
1930Uruguay
85.8%
1958Sweden
72.3%
1962Chile
70.8%
1974West Germany
60.3%
1954Switzerland
56.6%
1942None
42.7%
1946None
42.7%

You're not logged in!

Compare scores with friends on all Sporcle quizzes.
Join for Free
OR
Log In

You Might Also Like...

Show Comments

Extras

Top Quizzes Today


Score Distribution

Your Account Isn't Verified!

In order to create a playlist on Sporcle, you need to verify the email address you used during registration. Go to your Sporcle Settings to finish the process.

Report this User

Report this user for behavior that violates our Community Guidelines.

Details: